Datum a čas kvízu
25
Celkem bodů
Celkový počet nahraných bodů na tomto kvízu bez doplňovacích otázek.
7.
Pořadí na kvízu
Konečné umístění týmu na tomto kvízu.
Zaznamenané odpovědi
| # | Otázka | Odpověď | Body | Výsledky |
|---|---|---|---|---|
| 1. | Příslušníci jisté profese se v... | popeláři | 0 | |
| 2. | Parašutista Nicolas Scarabrin... | oko jehly | 0 | |
| 3. | Lístek na premiéru tohoto film... | Melania | 1 | |
| 4. | Který známý šéfkuchař oznámil... | Emanuele Ridi | 1 | |
| 5. | Hokejový útočník Ondřej Palát... | New York Islanders | 1 | |
| 6. | Na obrázku níže můžete vidět d... | Drákula a Frankenstein | 1 | |
| 7. | Co by to bylo za hororové téma... | C | 0 | |
| 8. | Ze které (převážně videoherní)... | Silent Hill | 0 | |
| 9. | Přiřaďte herce a herečky k jej... | 1C 2A 3D 4B | 0 | |
| 10. | Čím je inspirován česko-americ... | D | 1 |